书目信息 |
| 题名: |
城市基础设施规划
|
|
| 作者: | 李亚峰 , 马学文 , 王培 编著 | |
| 分册: | ||
| 出版信息: | 北京 机械工业出版社 2017.5 |
|
| 页数: | 277页 | |
| 开本: | 24cm | |
| 丛书名: | ||
| 单 册: | ||
| 中图分类: | TU984.11 | |
| 科图分类: | ||
| 主题词: | 基础设施--城市规划--高等教育--教材 | |
| 电子资源: | ||
| ISBN: | 978-7-111-46011-4 | |
| 000 | 01003nam0 2200265 450 | |
| 001 | 0400001430 | |
| 005 | 20171018133038.0 | |
| 010 | @a978-7-111-46011-4@dCNY35.00 | |
| 100 | @a20140727d2017 em y0chiy50 ea | |
| 101 | 0 | @achi |
| 102 | @aCN@b110000 | |
| 105 | @aa z 000yy | |
| 106 | @ar | |
| 200 | 1 | @a城市基础设施规划@9cheng shi ji chu she shi gui hua@f李亚峰,马学文,王培等编著 |
| 210 | @a北京@c机械工业出版社@d2017.5 | |
| 215 | @a277页@c图@d24cm | |
| 300 | @a21世纪高等教育土建类规划教材 | |
| 330 | @a本书主要介绍城市基础设施规划的基本知识、规划方法及要求,主要包括城市给水工程规划、城市排水工程规划、城市供热工程规划、城市燃气工程规划、城市电力工程规划、城市通信工程规划、城市消防工程规划、城市工程管线综合规划等内容。 | |
| 606 | 0 | @a基础设施@x城市规划@x高等教育@j教材 |
| 690 | @aTU984.11@v5 | |
| 701 | 0 | @a李亚峰@9li ya feng@4编著 |
| 701 | 0 | @a马学文@9ma xue wen@4编著 |
| 701 | 0 | @a王培@9wang pei@4编著 |
| 801 | 0 | @aCN@b91MARC@c20171018 |
| 905 | @b1020839-43@dTU984.11@f5@e1007 | |
| 城市基础设施规划/李亚峰,马学文,王培等编著.-北京:机械工业出版社,2017.5 |
| 277页:图;24cm |
| 21世纪高等教育土建类规划教材 |
| ISBN 978-7-111-46011-4:CNY35.00 |
| 本书主要介绍城市基础设施规划的基本知识、规划方法及要求,主要包括城市给水工程规划、城市排水工程规划、城市供热工程规划、城市燃气工程规划、城市电力工程规划、城市通信工程规划、城市消防工程规划、城市工程管线综合规划等内容。 |
| ● |
| 相关链接 |
|
|
|
|
正题名:城市基础设施规划
索取号:TU984.11/1007
 
预约/预借
| 序号 | 登录号 | 条形码 | 馆藏地/架位号 | 状态 | 备注 |
| 1 | 1020839 | 210208390 | 第二样本阅览室/ [索取号:TU984.11/1007] | 在馆 | |
| 2 | 1020840 | 210208407 | 第三借阅区/ [索取号:TU984.11/1007] | 在馆 | |
| 3 | 1020841 | 210208416 | 第三借阅区/ [索取号:TU984.11/1007] | 在馆 | |
| 4 | 1020842 | 210208425 | 第三借阅区/ [索取号:TU984.11/1007] | 在馆 | |
| 5 | 1020843 | 210208434 | 密集书库-生命科学系/ [索取号:TU984.11/1007] | 在馆 |